000 00835nam a2200265 4500
003 OSt
005 20260530115312.0
008 260507b1977 sp ||||| |||| 00| 0 spa d
020 _a8425209633
040 _aICI
_bspa
_cICI
_erda
041 _aspa
050 _aNC1000
_bM86 1980
100 1 _aMurray, Ray
_d1927,
_932907
245 1 0 _aManual de técnicas /
_cRay Murray ; versión castellana de Esteve Riambau i Sauri ; revisión bibliográfica por Joaquim Romaguera i Ramio
264 1 _aBarcelona :
_bGustavo Gili,
_cc1980
300 _a199 páginas
336 _atexto
_2rdacontent
337 _asin medio
_2rdamedia
338 _avolumen
_2rdacarrier
490 0 _aColección GG diseño
650 0 _aArtes gráficas
_xTécnica
650 0 _aTelevisión
_xGraficas
_932909
650 0 _xTecnica
_932910
942 _2ddc
_cBK
_n1
999 _c13384
_d13384